000 00475nam a2200181Ia 4500
001 7830
005 20260306160524.0
008 260306t2011||||xx |||||||||||||| ||spa||
041 _aESP
082 _a362.5
_bJ24
100 _aJaramillo, Miguel
_eAUT
245 0 _aMenos desiguales:
_bla distribución del ingreso luego de las reformas estructurales
260 _c2011
300 _a135 pƔginas :
_c23 cm.
650 _aGEN
654 _aCAN
942 _cLIB
_dJUS
_fJUS
_2ddc
_n
999 _c7830
_d7830